Электрохимическое исследование гетерогенных сложных амальгам: автореферат диссертации на соискание ученой степени кандидата химических наук; спец. 02.00.05

Библиографические подробности
Главный автор: Шарипова Н. С. Нейля Салимовна
Автор-организация: Казахский государственный университет (КазГУ)
Другие авторы: Зебрева А. И. (научный руководитель)
Примечания:Защита сост. 31.01.1977 г.
Язык:русский
Опубликовано: Алма-Ата, [Б. и.], 1976
Предметы:
Формат: MixedMaterials Книга
Запись в KOHA:https://koha.lib.tpu.ru/cgi-bin/koha/opac-detail.pl?biblionumber=336310

MARC

LEADER 00000nam0a2200000 4500
001 336310
005 20231102004836.0
035 |a (RuTPU)RU\TPU\book\362726 
090 |a 336310 
100 |a 20171012d1976 k y0rusy50 ca 
101 0 |a rus 
102 |a KZ 
105 |a a dm 001zy 
200 1 |a Электрохимическое исследование гетерогенных сложных амальгам  |e автореферат диссертации на соискание ученой степени кандидата химических наук  |e спец. 02.00.05  |f Н. С. Шарипова  |g Казахский государственный университет (КазГУ) ; науч. рук. А. И. Зебрева 
210 |a Алма-Ата  |c [Б. и.]  |d 1976 
215 |a 23 с.  |c ил. 
300 |a Защита сост. 31.01.1977 г. 
320 |a Библиогр.: с. 18 (4 назв.) 
606 1 |a Амальгамы  |x Электрохимия  |2 stltpush  |3 (RuTPU)RU\TPU\subj\21980  |9 46881 
610 1 |a электрохимическое поведение 
610 1 |a гетерогенные материалы 
610 1 |a гетерогенные материалы 
610 1 |a инверсионная вольтамперометрия 
610 1 |a ртутные электроды 
610 1 |a медь 
610 1 |a кадмий 
610 1 |a ртуть 
610 1 |a библиотека А. Г. Стромберга 
610 1 |a авторефераты диссертаций 
675 |a 669.79(04)  |v 4 
686 |a 02.00.05  |2 oksvnk 
700 1 |a Шарипова  |b Н. С.  |g Нейля Салимовна 
702 1 |a Зебрева  |b А. И.  |4 727 
712 0 2 |a Казахский государственный университет (КазГУ)  |c (Алма-Ата)  |2 stltpush  |3 (RuTPU)RU\TPU\col\8922 
801 1 |a RU  |b 63413507  |c 20171012 
801 2 |a RU  |b 63413507  |c 20180201  |g RCR 
942 |c BK